000 00307nam a2200109Ia 4500
008 220204s9999 xx 000 0 und d
082 _a065
_bHOL
100 _aHolloway, Charles A
245 0 _aDecision making under uncertainity: Models and choices
260 _aNew Jersey
_bPrentice Hall
_c1979
942 _cBK
999 _c34675
_d34675